Z dnešného rokovania poslancov Mestská polícia má konečne náčelníka

Podrobná bibliografia
Hlavný autor: gal (Autor)
Médium: Článok
Jazyk:slovenčina
Predmet:

MARC

LEADER 00000nab a2200000 a 4500
001 vtls000915599
003 SK-MaSNL
005 20260302173341.0
008 040720e19921014xo 0 slo
035 |a KE24483 
040 |a KEVKJB  |b slo  |c KEVKJB  |e AACR2 
041 0 |a slo 
044 |a xo  |c SK 
080 |a 352.075.1  |2 1981 
080 |a 351.74  |2 1981 
080 |a 929  |2 1981 
100 0 |a gal  |4 aut  |9 873857 
245 1 0 |a Z dnešného rokovania poslancov  |b Mestská polícia má konečne náčelníka 
590 |a Danko, Tibor  |b náčelník Mestskej polície 
600 1 7 |a Danko, Tibor  |2 KEVKJB  |9 880951 
650 0 7 |a mestské zastupiteľstvá  |2 KEVKJB  |9 70169 
650 0 7 |a mestská polícia  |2 KEVKJB  |9 26122 
650 0 7 |a schválenie  |2 KEVKJB  |9 873516 
651 7 |a KE,  |2 KEVKJB  |9 877256 
655 7 |a periodikum  |2 snkbucl  |9 29553 
773 0 8 |t Košický večer  |g Roč. 3  |g Roč. 28, č.202, 14.10.1992, s. 1 
852 |a ZVYKNI  |b KIS3GCP 
999 |c 1401335  |d 1403265